Sea usted escritor (Record no. 47769)

MARC details
000 -LEADER
campo de control de longitud fija 00668nam a2200193 i 4500
001 - NÚMERO DE CONTROL
campo de control 47769
003 - IDENTIFICADOR DE NÚMERO DE CONTROL
campo de control ES-MaACL
005 - FECHA Y HORA DE LA ÚLTIMA TRANSACCIÓN
campo de control 20230906161628.0
007 - CAMPO FIJO DE DESCRIPCIÓN FÍSICA--INFORMACIÓN GENERAL
campo de control de longitud fija t|
008 - DATOS DE LONGITUD FIJA--INFORMACIÓN GENERAL
campo de control de longitud fija 030522q1957 sp ||||1| spa d
100 1# - ENTRADA PRINCIPAL--NOMBRE DE PERSONA
Nombre de persona Betterton, K.
9 (RLIN) 28680
245 10 - MENCIÓN DEL TÍTULO
Título Sea usted escritor
Resto del título : (arte de escribir y expresarse literariamente) /
Mención de responsabilidad, etc. K. Betterton ; prólogo de Tomás Salvador ; traducción del inglés de Arturo Roca Ramis.
250 ## - MENCION DE EDICION
Mención de edición 1ª ed. española.
260 ## - PUBLICACIÓN, DISTRIBUCIÓN, ETC.
Lugar de publicación, distribución, etc. Barcelona :
Nombre del editor, distribuidor, etc. Ediciones Generales,
Fecha de publicación, distribución, etc. [1957?]
300 ## - DESCRIPCIÓN FÍSICA
Extensión 188 p. ;
Dimensiones 20 cm.
700 1# - ENTRADA AGREGADA--NOMBRE PERSONAL
Nombre de persona Salvador, Tomás.
9 (RLIN) 102080
700 1# - ENTRADA AGREGADA--NOMBRE PERSONAL
Nombre de persona Roca Ramis, Arturo.
9 (RLIN) 98007
852 ## - LOCALIZACIÓN
Ubicación ES-MaACL
Número de control de estantería C-13579
Sublocalización o colección R.41277
Holdings
Estatus retirado Estado de pérdida Estado de daño No para préstamo Biblioteca de origen Biblioteca actual Ubicación en estantería Fecha de adquisición Fuente de adquisición Total de préstamos Signatura topográfica completa Código de barras Visto por última vez Precio de reemplazo Tipo de ítem Koha
        Biblioteca del Ateneo de Madrid Biblioteca del Ateneo de Madrid Sala Palomar 17/01/2008     C-13579 1050265 23/02/2023 23/02/2023 Libro impreso